000 00667nam a22002177a 4500
003 OSt
005 20160715153420.0
008 160715b xxu||||| |||| 00| 0 eng d
020 _a9513310809
040 _c040a
082 _aWA 305
_bP96 2001
245 _aPublic health approach on mental health in Europe /
_cJuha, Lavikainen, Eero Lahtinen, Ville Lehtinen
260 _aFinland
_bGummerus printing
_c2001
300 _a138p;
_bill :
_c17 cm.
504 _aIncludes bibliographical references
650 _aMental health
_93237
700 _aLavikainen, Juha
_910233
700 _aLahtinen, Eero
_910234
700 _aLehtinen, Ville
_910235
942 _2z
_cO_SHELF
999 _c4755
_d4755